<A> be nem avatkozástól a kooperációig.
Zmeny v kurzovej politike USA. Pohyb kurzu dolára po 2. svetovej vojne. Náklady spôsobené chybným stanovením kurzu. Obdobie nezasahovania do hospodárstva v r. 1981-1984 v USA. Rast kurzu dolára USA. Predpoklady pôsobenia svetového hospodárstva na kurz dolára (konjunktúra, pomer investícií a úspor, s...
Enregistré dans:
| Auteur principal: | |
|---|---|
| Format: | Chapitre de livre |
| Langue: | hongrois |
| Sujets: | |
| Tags: |
Pas de tags, Soyez le premier à ajouter un tag!
|
MARC
| LEADER | 00000naa a2200000 4500 | ||
|---|---|---|---|
| 001 | r005375 | ||
| 005 | 20221125114008.5 | ||
| 041 | 0 | |a hun | |
| 044 | |a HU | ||
| 245 | 1 | 0 | |a <A> be nem avatkozástól a kooperációig. |c A. Szalavetz |
| 520 | |a Zmeny v kurzovej politike USA. Pohyb kurzu dolára po 2. svetovej vojne. Náklady spôsobené chybným stanovením kurzu. Obdobie nezasahovania do hospodárstva v r. 1981-1984 v USA. Rast kurzu dolára USA. Predpoklady pôsobenia svetového hospodárstva na kurz dolára (konjunktúra, pomer investícií a úspor, stabilita). Negatívny vplyv silného dolára. Návrat ku kooperácii zmluvami v Plaza a Louvri. Vplyv krachu burzy. Buschova kurzová politika. | ||
| 610 | 2 | 0 | |a politika menová |
| 610 | 2 | 0 | |a kurz menový |
| 610 | 2 | 0 | |a USA |
| 610 | 2 | 0 | |a dolár |
| 610 | 2 | 0 | |a hospodárstvo svetové |
| 610 | 2 | 0 | |a burzy |
| 100 | 1 | |a Szalavetz, A. | |